00530nam a2200181 a 45000010010000000030011000100080041000210350026000620820018000881000023001062450023001292600036001526500022001889420012002109520091002229980020003139990015003330000-8653ELIB.Books110520 1989  a(ELIB.Books)0000-8799 a266.001 bGil aGilliland, Dean S. aThe World among Us bLondon: World Publishing c1989 aMissions Theology 2ddccBK 00102ddc4070aKBTSbKBTSd2011-05-20l0p25002r2022-01-22 00:00:00w2022-01-22yBK cbate2011-05-20 c8653d8653